| 000 | 00625nam a2200205 u 4500 | ||
|---|---|---|---|
| 005 | 20240228064322.0 | ||
| 008 | 180124s2007 ea r 000 0 spa d | ||
| 020 | _a1404265902 | ||
| 035 | _aUPN01000222377 | ||
| 049 | _aI | ||
| 050 | 4 |
_aPZ71 _bS5.23 |
|
| 100 | 1 |
_aShea, Therese, _d1978- _933610 |
|
| 245 | 1 | 3 |
_aUn alboroto en el autobús / _cTherese Shea ; tr. José María Obregón. |
| 260 |
_aNew York : _bRosen Classroom Books & Materials, _c2007. |
||
| 300 |
_a8 p. : _bil. col. |
||
| 440 | 0 |
_aLecturas del barrio. _pHumor |
|
| 650 | 4 |
_aLibros y lectura para niños _92290 |
|
| 905 | _aInfantil | ||
| 999 |
_c194474 _d194474 |
||